| 000 | 01739cam a2200241 i 4500 | ||
|---|---|---|---|
| 999 |
_c8802 _d8802 |
||
| 003 | OSt | ||
| 005 | 20210112102722.0 | ||
| 008 | 151001s2016 nyu 000 0 eng | ||
| 010 | _a 2015038284 | ||
| 020 | _a9781501310478 (paperback) | ||
| 020 | _a9781501310485 (ePDF) | ||
| 042 | _apcc | ||
| 082 | 0 | 0 |
_a729 _223 _bREN |
| 100 | 1 |
_aRengel, Roberto J., _eauthor. |
|
| 245 | 1 | 4 |
_aThe interior plan : _bconcepts and exercises / _cRoberto J. Rengel, University of Wisconsin--Madison. |
| 250 | _aSecond edition. | ||
| 300 |
_ax, 336 pages _c22 x 28 cm |
||
| 520 | _a"This introductory-level text introduces students to the planning of interior environments, addressing both the contents of the environments and the process of interior space planning. Topics include the making of rooms, the design of effective spatial sequences, functional relationships among project parts, arrangement of furniture, planning effective circulation systems, making spaces accessible, and designing safe environments with efficient emergency egress systems. Exercises throughout the book facilitate learning by encouraging students to apply ideas and concepts immediately after reading about them. This second edition features logically re-organized content with coverage on accessibility and universal design throughout, providing for a more intuitive read. It also features new original artwork by the author and a new glossary for quick look-up of terms. Finally, there are new exercises that engage students and test their ability to apply what they have learned"-- | ||
| 650 | 0 |
_aInterior architecture _vTextbooks. |
|
| 650 | 7 |
_aARCHITECTURE / Interior Design / General. _2bisacsh |
|
| 906 |
_a7 _bcbc _corignew _d1 _eecip _f20 _gy-gencatlg |
||
| 942 | _2ddc | ||